[Event "Titled Tuesday intern op 16th Apr Early"]
[Site "Chess.com INT"]
[Date "2024.04.16"]
[Round "1"]
[White "Diaz, Fernando"]
[Black "Carbone, Diego"]
[Result "0-1"]
[WhiteElo "2086"]
[BlackElo "2278"]
[PlyCount "104"]
[EventDate "2024.04.16"]
[EventType "swiss (blitz)"]
[EventRounds "11"]
[EventCountry "USA"]
[SourceTitle "CB17_2024"]
[SourceDate "2024.04.24"]
[SourceVersion "1"]
[SourceVersionDate "2024.04.24"]
[SourceQuality "1"]

1. e4 c5 2. d4 cxd4 3. c3 Nf6 4. e5 Nd5 5. Nf3 d6 6. cxd4 Nc6 7. Bc4 dxe5 8. dxe5 Ndb4 9. Qb3 e6 10. 0-0 Na5 11. Qa4+ Bd7 12. Bb5 Bxb5 13. Qxb5+ Nac6 14. Nc3 a6 15. Qe2 Qd3 16. Be3 Qxe2 17. Nxe2 Nc2 18. Rac1 Nxe3 19. fxe3 Be7 20. Ned4 Nb4 21. Rc7 Rb8 22. e4 Bd8 23. Rc4 Nd3 24. Rc3 Nxb2 25. Rb1 Na4 26. Rc4 Nb6 27. Rcb4 Nd7 28. Rxb7 Rxb7 29. Rxb7 Nc5 30. Ra7 0-0 31. Nc6 Bb6 32. Re7 Nxe4+ 33. Kf1 g6 34. Rb7 Bc5 35. Ke2 Rc8 36. Ncd4 Bxd4 37. Nxd4 Nc3+ 38. Kd3 Nxa2 39. Ra7 h5 40. Ke4 Nb4 41. Nb3 Rc4+ 42. Kf3 Rc3+ 43. Kf4 Rxb3 44. Kg5 Kg7 45. h3 Nc6 46. Rxa6 Nxe5 47. g4 hxg4 48. hxg4 Rb4 49. Kh4 Rxg4+ 50. Kh3 Rf4 51. Ra5 Rf5 52. Ra3 g5 0-1

[Event "Titled Tuesday intern op 16th Apr Early"]
[Site "Chess.com INT"]
[Date "2024.04.16"]
[Round "11"]
[White "Omariev, Maksim"]
[Black "Carbone, Diego"]
[Result "1-0"]
[WhiteElo "2304"]
[BlackElo "2278"]
[PlyCount "49"]
[EventDate "2024.04.16"]
[EventType "swiss (blitz)"]
[EventRounds "11"]
[EventCountry "USA"]
[SourceTitle "CB17_2024"]
[SourceDate "2024.04.24"]
[SourceVersion "1"]
[SourceVersionDate "2024.04.24"]
[SourceQuality "1"]

1. g4 d5 2. Bg2 e6 3. d4 c5 4. c3 Nc6 5. Nf3 Nf6 6. g5 Ne4 7. h4 Bd6 8. Be3 0-0 9. Nbd2 cxd4 10. Nxe4 dxe4 11. Nxd4 f5 12. gxf6 gxf6 13. Nxc6 bxc6 14. Bxe4 Qc7 15. Qa4 Bd7 16. 0-0-0 Rab8 17. Qd4 Qb7 18. Rd2 c5 19. Rg1+ Kh8 20. Qxd6 Qxe4 21. Qxd7 Rg8 22. Rxg8+ Rxg8 23. Rd1 f5 24. Bg5 Qe5 25. Qf7 1-0

[Event "Titled Tuesday intern op 16th Apr Early"]
[Site "Chess.com INT"]
[Date "2024.04.16"]
[Round "4"]
[White "Soumya, Swaminathan"]
[Black "Carbone, Diego"]
[Result "0-1"]
[WhiteElo "2253"]
[BlackElo "2278"]
[PlyCount "58"]
[EventDate "2024.04.16"]
[EventType "swiss (blitz)"]
[EventRounds "11"]
[EventCountry "USA"]
[SourceTitle "CB17_2024"]
[SourceDate "2024.04.24"]
[SourceVersion "1"]
[SourceVersionDate "2024.04.24"]
[SourceQuality "1"]

1. e4 c5 2. Nf3 Nc6 3. d4 cxd4 4. Nxd4 e6 5. Nc3 Qc7 6. g4 a6 7. Be3 b5 8. Nxc6 Qxc6 9. g5 b4 10. Ne2 Qxe4 11. Rg1 d5 12. Ng3 Qe5 13. Qd2 Bc5 14. 0-0-0 Bxe3 15. fxe3 Ne7 16. e4 0-0 17. Qxb4 Rb8 18. Qa3 Ng6 19. exd5 exd5 20. Kb1 Bg4 21. Rc1 Rb6 22. b3 Nf4 23. Qc5 Rfb8 24. h4 Ne6 25. Qa3 Nf4 26. Bxa6 Ra8 27. Rce1 Qb8 28. Bc8 Qxc8 29. Qe7 Re6 0-1

[Event "URU-ch 94th"]
[Site "Montevideo"]
[Date "2024.03.29"]
[Round "10"]
[White "Carbone, Diego"]
[Black "Dominguez, Facundo"]
[Result "0-1"]
[WhiteElo "2278"]
[BlackElo "2111"]
[PlyCount "86"]
[EventDate "2024.03.23"]
[EventType "tourn"]
[EventRounds "11"]
[EventCountry "URU"]
[SourceTitle "CB14_2024"]
[SourceDate "2024.04.01"]
[SourceVersion "1"]
[SourceVersionDate "2024.04.01"]
[SourceQuality "1"]

1. d4 Nf6 2. c4 c5 3. d5 e6 4. Nc3 exd5 5. cxd5 d6 6. Nf3 g6 7. h3 Bg7 8. e4 0-0 9. Be3 b5 10. e5 dxe5 11. Bxb5 Nbd7 12. Nd2 Rb8 13. Nc4 Bb7 14. Nd6 Ba8 15. Bc6 Rxb2 16. Na4 Rb4 17. a3 Rb8 18. 0-0 Qe7 19. Nc4 Rfc8 20. Bxa8 Rxa8 21. Rc1 Bf8 22. Qd2 Ne4 23. Qc2 Nd6 24. Na5 Nf5 25. Nc6 Qd6 26. Qc4 Nb6 27. Nxb6 axb6 28. a4 Ne7 29. Nxe7+ Bxe7 30. f4 Rd8 31. Rcd1 exf4 32. Bxf4 Qd7 33. d6 Bf6 34. Qb3 Rdb8 35. Bg3 Bd4+ 36. Kh1 b5 37. axb5 Rxb5 38. Rxf7 Rxb3 39. Rxd7 Rxg3 40. Rc7 Rd8 41. d7 Kf7 42. Rb1 Ke7 43. Rbb7 Ra3 0-1

[Event "URU-ch 94th"]
[Site "Montevideo"]
[Date "2024.03.27"]
[Round "6"]
[White "Elena, Eduardo"]
[Black "Carbone, Diego"]
[Result "0-1"]
[WhiteElo "1972"]
[BlackElo "2278"]
[PlyCount "94"]
[EventDate "2024.03.23"]
[EventType "tourn"]
[EventRounds "11"]
[EventCountry "URU"]
[SourceTitle "CB14_2024"]
[SourceDate "2024.04.01"]
[SourceVersion "1"]
[SourceVersionDate "2024.04.01"]
[SourceQuality "1"]

1. e4 c5 2. Nf3 Nc6 3. d4 cxd4 4. Nxd4 e6 5. Nc3 Qc7 6. Be2 a6 7. 0-0 Nf6 8. Be3 Bb4 9. Nxc6 bxc6 10. Na4 Be7 11. Bd3 c5 12. c4 Rb8 13. Rc1 d6 14. b3 Bd7 15. Nc3 Bc6 16. h3 Qb7 17. Re1 0-0 18. Qc2 Rfe8 19. f4 Nd7 20. Rcd1 Bf6 21. Ne2 a5 22. Nc3 Bxc3 23. Qxc3 a4 24. Bc2 axb3 25. axb3 Nf6 26. e5 dxe5 27. Bxc5 exf4 28. Bd6 Bxg2 29. Bxb8 Rxb8 30. Rd2 f3 31. Red1 Qc7 32. Qd4 Ne8 33. Qh4 Nf6 34. b4 Re8 35. Bxh7+ Nxh7 36. Rd8 Rf8 37. c5 Qe5 38. c6 g5 39. Qf2 Bxh3 40. b5 Qxb5 41. c7 e5 42. Rxf8+ Nxf8 43. Kh2 Be6 44. Rd8 Qc4 45. Qxf3 Qxc7 46. Qa8 Qc2+ 47. Kg1 Qc5+ 0-1

[Event "URU-ch 94th"]
[Site "Montevideo"]
[Date "2024.03.25"]
[Round "4"]
[White "Rodriguez Vila, Andres"]
[Black "Carbone, Diego"]
[Result "1/2-1/2"]
[WhiteElo "2419"]
[BlackElo "2278"]
[PlyCount "113"]
[EventDate "2024.03.23"]
[EventType "tourn"]
[EventRounds "11"]
[EventCountry "URU"]
[SourceTitle "CB14_2024"]
[SourceDate "2024.04.01"]
[SourceVersion "1"]
[SourceVersionDate "2024.04.01"]
[SourceQuality "1"]

1. e4 c5 2. b4 cxb4 3. a3 d5 4. exd5 Qxd5 5. Bb2 Bf5 6. axb4 Qe4+ 7. Be2 Qxb4 8. Qc1 Nc6 9. Nf3 Nf6 10. 0-0 e6 11. Nc3 Qb6 12. Rb1 Bb4 13. Na2 a5 14. Bxf6 gxf6 15. Qb2 Qd8 16. Nh4 Bg6 17. Bf3 Rc8 18. Bxc6+ bxc6 19. Nxb4 axb4 20. Qxb4 Bxc2 21. Rbc1 Bg6 22. Rfe1 Qe7 23. Qc3 0-0 24. f4 Qd8 25. Re3 c5 26. f5 exf5 27. Rd3 Qb6 28. Rf3 c4+ 29. Kh1 Qe6 30. Re3 Qd6 31. Rg3 Rc5 32. Rf1 Re8 33. h3 Ree5 34. Re3 Kg7 35. Rxe5 Qxe5 36. Nf3 Qxc3 37. dxc3 Ra5 38. Nd2 Ra3 39. Rf3 Bh5 40. Rg3+ Kf8 41. Nxc4 f4 42. Nxa3 fxg3 43. Nc4 Be2 44. Ne3 Bd3 45. Kg1 Ke7 46. Nf1 Kd6 47. Nxg3 Kc5 48. Kf2 Kc4 49. Ke3 Kxc3 50. Ne4+ Bxe4 51. Kxe4 Kd2 52. g4 Ke2 53. Kf5 Kf3 54. Kxf6 Kg3 55. Kxf7 Kxh3 56. Kg7 Kxg4 57. Kxh7 1/2-1/2

[Event "Montevideo Duchamp Cup 7th"]
[Site "Montevideo"]
[Date "2024.02.02"]
[Round "2"]
[White "Carbone, Diego"]
[Black "Avedisian, Alexander"]
[Result "1-0"]
[WhiteElo "2275"]
[BlackElo "1866"]
[PlyCount "85"]
[EventDate "2024.02.01"]
[EventType "swiss"]
[EventRounds "9"]
[EventCountry "URU"]
[SourceTitle "CB07_2024"]
[SourceDate "2024.02.14"]
[SourceVersion "1"]
[SourceVersionDate "2024.02.14"]
[SourceQuality "1"]

1. d4 Nf6 2. c4 g6 3. g3 Bg7 4. Bg2 d6 5. Nc3 0-0 6. Nf3 Nbd7 7. 0-0 e5 8. e4 exd4 9. Nxd4 c6 10. h3 Re8 11. Be3 a5 12. Qc2 Nc5 13. Rad1 Qc7 14. Ndb5 cxb5 15. Nxb5 Qe7 16. Nxd6 Nfd7 17. Nxe8 Qxe8 18. f4 Qe7 19. Rfe1 b6 20. e5 Bb7 21. Bd5 Rc8 22. b3 Nb8 23. Kh2 Nc6 24. a3 Nd7 25. e6 fxe6 26. Bxb6 Be5 27. Be4 Bg7 28. Bf2 Nf6 29. Bg2 Kf7 30. c5 Rd8 31. Qc4 Rxd1 32. Rxd1 Ne8 33. b4 axb4 34. axb4 Nc7 35. b5 Na5 36. Qa4 Bxg2 37. Kxg2 Bc3 38. Rd3 Nd5 39. Rxc3 Nxc3 40. Qxa5 Ne4 41. Qb4 Nf6 42. Qc4 Qd7 43. c6 1-0

[Event "URU-ch 93rd"]
[Site "Montevideo"]
[Date "2023.04.03"]
[Round "5"]
[White "Carbone, Diego"]
[Black "Saralegui Cassan, Mario"]
[Result "0-1"]
[WhiteElo "2336"]
[BlackElo "1992"]
[PlyCount "130"]
[EventDate "2023.03.31"]
[EventType "tourn"]
[EventRounds "11"]
[EventCountry "URU"]
[SourceTitle "CBM 213 Extra"]
[Source "ChessBase"]
[SourceDate "2023.05.31"]
[SourceVersion "1"]
[SourceVersionDate "2023.05.31"]
[SourceQuality "1"]

1. d4 Nf6 2. c4 e6 3. g3 d5 4. Nf3 Bb4+ 5. Bd2 Be7 6. Bg2 0-0 7. 0-0 c6 8. Qc2 b6 9. Bf4 Nbd7 10. Rd1 Bb7 11. Ne5 Rc8 12. Nc3 Nh5 13. Bc1 Nhf6 14. e4 dxc4 15. Nxc4 b5 16. Ne3 Qb6 17. a4 a6 18. b3 Rfd8 19. Bb2 Nf8 20. Rac1 Ng6 21. h4 Bf8 22. Qe2 h6 23. h5 Ne7 24. Ba1 Re8 25. Ng4 Nxg4 26. Qxg4 Rcd8 27. Ne2 Bc8 28. Qf4 f5 29. Kh2 fxe4 30. Bxe4 Nd5 31. Qd2 Bd6 32. Ng1 Rf8 33. Nf3 Bd7 34. Kg2 Be8 35. Rh1 Rc8 36. axb5 axb5 37. Ne5 Qd8 38. Rcd1 Ra8 39. Ng4 Qc7 40. Rh4 Bb4 41. Qe2 Be7 42. Rhh1 Bg5 43. Bc2 Qf7 44. Ne5 Qf6 45. Rde1 Nb4 46. Ng4 Qe7 47. Be4 Ra2 48. Bb2 Nd5 49. Qc2 Bf6 50. Ra1 Rxa1 51. Bxa1 Qa7 52. Ne5 Bxe5 53. dxe5 Bxh5 54. Bb2 Qf7 55. Bd4 Bf3+ 56. Bxf3 Qxf3+ 57. Kg1 Nf4 58. gxf4 Rxf4 59. Rh2 Rg4+ 60. Kf1 Rxd4 61. Ke1 Rg4 62. Kf1 Rd4 63. Ke1 Qe4+ 64. Qxe4 Rxe4+ 65. Kd2 Rxe5 0-1

[Event "URU-ch 93rd"]
[Site "Montevideo"]
[Date "2023.04.02"]
[Round "4"]
[White "Curi, Gabriel"]
[Black "Carbone, Diego"]
[Result "0-1"]
[WhiteElo "2113"]
[BlackElo "2336"]
[PlyCount "84"]
[EventDate "2023.03.31"]
[EventType "tourn"]
[EventRounds "11"]
[EventCountry "URU"]
[SourceTitle "CBM 213 Extra"]
[Source "ChessBase"]
[SourceDate "2023.05.31"]
[SourceVersion "1"]
[SourceVersionDate "2023.05.31"]
[SourceQuality "1"]

1. d4 Nf6 2. c4 g6 3. Nc3 d5 4. Nf3 Bg7 5. e3 0-0 6. Be2 c5 7. 0-0 cxd4 8. exd4 dxc4 9. Bxc4 a6 10. a4 Qc7 11. Bb3 Nc6 12. d5 Na5 13. Ba2 Bf5 14. Re1 Rac8 15. Qe2 Rfe8 16. Ne5 Qd6 17. g4 Bd7 18. h3 h5 19. Qf3 hxg4 20. hxg4 b5 21. g5 b4 22. Ne4 Qxe5 23. Nxf6+ exf6 24. Rxe5 fxe5 25. d6 Nc4 26. Qb7 Red8 27. Qxb4 Be6 28. Be3 Bf8 29. Bxc4 Rxc4 30. Qa5 Rg4+ 31. Kh2 Rxd6 32. f3 Rh4+ 33. Kg3 Rh3+ 34. Kg2 e4 35. Rf1 Rd3 36. Qb6 Bd6 37. Bd4 Rd2+ 38. Rf2 exf3+ 39. Kg1 Rg3+ 40. Kh2 Rh3+ 41. Kg1 Rg3+ 42. Kh2 Rg2+ 0-1

[Event "Titled Tuesday intern op 21st Mar Late"]
[Site "Chess.com INT"]
[Date "2023.03.21"]
[Round "8"]
[White "Novikova, Margarita"]
[Black "Carbone, Diego"]
[Result "1-0"]
[WhiteElo "1985"]
[BlackElo "2336"]
[PlyCount "99"]
[EventDate "2023.03.21"]
[EventType "swiss (blitz)"]
[EventRounds "11"]
[EventCountry "USA"]
[SourceTitle "EXT 2024"]
[Source "ChessBase"]
[SourceDate "2023.10.10"]
[SourceVersion "1"]
[SourceVersionDate "2023.10.10"]
[SourceQuality "1"]

1. e4 e5 2. Nf3 Nc6 3. Bc4 Bc5 4. c3 Nf6 5. d4 exd4 6. cxd4 Bb4+ 7. Bd2 Bxd2+ 8. Nbxd2 d5 9. exd5 Nxd5 10. 0-0 0-0 11. Rc1 Nb6 12. Bb3 Bg4 13. h3 Bh5 14. Ne4 Bxf3 15. Qxf3 Nxd4 16. Qe3 Nxb3 17. Qxb3 Qd5 18. Qf3 f5 19. Ng5 Qxf3 20. gxf3 c6 21. Ne6 Rf6 22. Nc5 Rb8 23. a4 Nd5 24. Kh2 Rg6 25. Rg1 Rxg1 26. Rxg1 Kf7 27. Re1 g6 28. Nd7 Re8 29. Rxe8 Kxe8 30. Nc5 b6 31. Nd3 c5 32. Kg3 Ke7 33. f4 Nf6 34. Kf3 Kd6 35. Ne5 Kd5 36. Ke3 Ne4 37. f3 Nd6 38. Kd3 a6 39. Nd7 b5 40. axb5 axb5 41. Nf6+ Kc6 42. Nxh7 Nc4 43. Kc3 Kd5 44. Nf8 b4+ 45. Kc2 Ne3+ 46. Kd3 c4+ 47. Kxe3 c3 48. bxc3 b3 49. Kd2 Kc4 50. Nxg6 1-0

[Event "Titled Tuesday intern op 21st Mar Late"]
[Site "Chess.com INT"]
[Date "2023.03.21"]
[Round "6"]
[White "Sarkar, Justin"]
[Black "Carbone, Diego"]
[Result "0-1"]
[WhiteElo "2338"]
[BlackElo "2336"]
[PlyCount "44"]
[EventDate "2023.03.21"]
[EventType "swiss (blitz)"]
[EventRounds "11"]
[EventCountry "USA"]
[SourceTitle "EXT 2024"]
[Source "ChessBase"]
[SourceDate "2023.10.10"]
[SourceVersion "1"]
[SourceVersionDate "2023.10.10"]
[SourceQuality "1"]

1. e4 e5 2. f4 exf4 3. Nf3 Nf6 4. e5 Nh5 5. Be2 g6 6. 0-0 Bg7 7. d4 0-0 8. Ne1 d6 9. Bxh5 gxh5 10. exd6 Bg4 11. Qd3 Qxd6 12. c3 c5 13. Bxf4 Qg6 14. Qxg6 hxg6 15. dxc5 Nd7 16. Bd6 Rfc8 17. h3 Bf5 18. Nd2 Nxc5 19. Nb3 Na4 20. Rf2 Bh6 21. Nd4 Be3 22. Nxf5 gxf5 0-1

[Event "Montevideo Duchamp Cup 6th"]
[Site "Montevideo"]
[Date "2023.02.07"]
[Round "5"]
[White "Carbone, Diego"]
[Black "Garcia Palermo, Carlos H"]
[Result "0-1"]
[WhiteElo "2350"]
[BlackElo "2419"]
[PlyCount "66"]
[EventDate "2023.02.03"]
[EventType "swiss"]
[EventRounds "9"]
[EventCountry "URU"]
[SourceTitle "CBM 212 Extra"]
[Source "ChessBase"]
[SourceDate "2023.03.31"]
[SourceVersion "1"]
[SourceVersionDate "2023.03.31"]
[SourceQuality "1"]

1. d4 Nf6 2. c4 e6 3. g3 d5 4. Nf3 Nbd7 5. Nbd2 b6 6. Bg2 Bb7 7. 0-0 Be7 8. Qc2 0-0 9. b3 c5 10. dxc5 Bxc5 11. Bb2 Rc8 12. Ne5 Nxe5 13. Bxe5 Ng4 14. Bc3 Qe7 15. h3 Nh6 16. e3 dxc4 17. bxc4 Bxg2 18. Kxg2 Nf5 19. Rfe1 Qb7+ 20. Kh2 Rfd8 21. a4 h5 22. a5 b5 23. Rab1 Qc7 24. Rxb5 h4 25. Ne4 hxg3+ 26. fxg3 Bxe3 27. Bxg7 Kxg7 28. Rxe3 Nxe3 29. Qc3+ Kf8 30. Qxe3 Qxc4 31. Qh6+ Ke8 32. Nf6+ Ke7 33. Rb2 Qc2+ 0-1

[Event "Montevideo Duchamp Cup 6th"]
[Site "Montevideo"]
[Date "2023.02.06"]
[Round "4"]
[White "Strikovic, Aleksa"]
[Black "Carbone, Diego"]
[Result "1/2-1/2"]
[WhiteElo "2450"]
[BlackElo "2350"]
[PlyCount "104"]
[EventDate "2023.02.03"]
[EventType "swiss"]
[EventRounds "9"]
[EventCountry "URU"]
[SourceTitle "CBM 212 Extra"]
[Source "ChessBase"]
[SourceDate "2023.03.31"]
[SourceVersion "1"]
[SourceVersionDate "2023.03.31"]
[SourceQuality "1"]

1. c4 e6 2. Nc3 d5 3. d4 Nf6 4. cxd5 exd5 5. Bg5 Bb4 6. e3 h6 7. Bh4 g5 8. Bg3 Ne4 9. Nge2 h5 10. h4 Nxg3 11. Nxg3 gxh4 12. Nxh5 c6 13. a3 Bd6 14. f4 Nd7 15. Ng7+ Kf8 16. Nf5 Nf6 17. Nxh4 Rh6 18. Bd3 Ng4 19. g3 Nxe3 20. Qf3 Qe7 21. Kd2 Nc4+ 22. Bxc4 dxc4 23. Nf5 Rxh1 24. Qxh1 Qf6 25. Nxd6 Qxd4+ 26. Ke1 Qxd6 27. Qh8+ Ke7 28. Rd1 Qc7 29. Qh4+ Ke8 30. Ne4 Qa5+ 31. Kf1 Bf5 32. Nd6+ Kf8 33. Qh8+ Ke7 34. Nxf5+ Qxf5 35. Qxa8 Qh3+ 36. Ke1 Qxg3+ 37. Kd2 c3+ 38. bxc3 Qxf4+ 39. Kc2 Qa4+ 40. Kc1 Qxa3+ 41. Kd2 Qb2+ 42. Kd3 Qb5+ 43. Kc2 Qa4+ 44. Kc1 Qa3+ 45. Kd2 Qb2+ 46. Kd3 Qb5+ 47. Ke3 Qg5+ 48. Ke2 Qg4+ 49. Kd2 Qf4+ 50. Kd3 Qf5+ 51. Ke3 Qg5+ 52. Kd3 Qb5+ 1/2-1/2

[Event "Montevideo Duchamp Cup 6th"]
[Site "Montevideo"]
[Date "2023.02.05"]
[Round "3"]
[White "Carbone, Diego"]
[Black "Curi, Gabriel"]
[Result "1-0"]
[WhiteElo "2350"]
[BlackElo "2156"]
[PlyCount "75"]
[EventDate "2023.02.03"]
[EventType "swiss"]
[EventRounds "9"]
[EventCountry "URU"]
[SourceTitle "CBM 212 Extra"]
[Source "ChessBase"]
[SourceDate "2023.03.31"]
[SourceVersion "1"]
[SourceVersionDate "2023.03.31"]
[SourceQuality "1"]

1. d4 d5 2. c4 c6 3. Nf3 Nf6 4. e3 e6 5. Nc3 Bd6 6. Qc2 0-0 7. Bd3 dxc4 8. Bxc4 b5 9. Be2 Nbd7 10. 0-0 Bb7 11. e4 e5 12. dxe5 Nxe5 13. Nh4 g6 14. f4 Bc5+ 15. Kh1 Neg4 16. e5 Nf2+ 17. Rxf2 Bxf2 18. Nf3 b4 19. Nd1 Bb6 20. exf6 Qxf6 21. Bd2 c5 22. Nf2 Rad8 23. Ng4 Qe6 24. f5 gxf5 25. Bc4 Be4 26. Qb3 Bd5 27. Bxd5 Rxd5 28. Ng5 Qg6 29. Qxd5 fxg4 30. Bf4 Rd8 31. Qe5 c4 32. Re1 Bd4 33. Qc7 Bf6 34. Ne4 Rd4 35. Nxf6+ Qxf6 36. Qc8+ Kg7 37. Qxg4+ Kf8 38. Bh6+ 1-0

[Event "Montevideo Duchamp Cup 6th"]
[Site "Montevideo"]
[Date "2023.02.04"]
[Round "2"]
[White "Ramirez, Jose Antonio"]
[Black "Carbone, Diego"]
[Result "0-1"]
[WhiteElo "1927"]
[BlackElo "2350"]
[PlyCount "78"]
[EventDate "2023.02.03"]
[EventType "swiss"]
[EventRounds "9"]
[EventCountry "URU"]
[SourceTitle "CBM 212 Extra"]
[Source "ChessBase"]
[SourceDate "2023.03.31"]
[SourceVersion "1"]
[SourceVersionDate "2023.03.31"]
[SourceQuality "1"]

1. e4 c5 2. Nf3 e6 3. d4 cxd4 4. Nxd4 Nc6 5. Nxc6 bxc6 6. Bd3 d5 7. 0-0 Nf6 8. Nd2 Be7 9. c4 Bb7 10. e5 Nd7 11. Qe2 Nc5 12. Bb1 a5 13. b3 0-0 14. Nf3 Qb6 15. Ng5 Bxg5 16. Bxg5 Ne4 17. Bxe4 dxe4 18. Qxe4 h6 19. Be3 Qb4 20. a3 Qe7 21. Bb6 c5 22. Qe3 Rfc8 23. Qc3 Qg5 24. f3 a4 25. Rfd1 axb3 26. Rdb1 Qf4 27. Rxb3 Ra4 28. Bxc5 Rxc5 29. Rxb7 Raxc4 30. Rb8+ Kh7 31. Qd3+ g6 32. Re1 Rxe5 33. Rxe5 Rc1+ 34. Kf2 Qxe5 35. Qd2 Qc5+ 36. Kg3 Rc2 37. Qd8 Qf2+ 38. Kf4 e5+ 39. Kxe5 Qe3+ 0-1

[Event "Titled Tuesday intern op 31st Jan Late"]
[Site "Chess.com INT"]
[Date "2023.01.31"]
[Round "4"]
[White "Carbone, Diego"]
[Black "Boder, Jan"]
[Result "1-0"]
[WhiteElo "2350"]
[BlackElo "2319"]
[PlyCount "99"]
[EventDate "2023.01.31"]
[EventType "swiss (blitz)"]
[EventRounds "11"]
[EventCountry "USA"]
[SourceTitle "CBM 212 Extra"]
[Source "ChessBase"]
[SourceDate "2023.03.31"]
[SourceVersion "1"]
[SourceVersionDate "2023.03.31"]
[SourceQuality "1"]

1. d4 Nf6 2. c4 c5 3. d5 b5 4. cxb5 a6 5. bxa6 g6 6. Nc3 Bg7 7. e4 0-0 8. e5 Ne8 9. h4 Bxe5 10. Bh6 Ng7 11. Nf3 Bf6 12. h5 d6 13. Qd2 Bf5 14. Ng5 gxh5 15. Bd3 Qd7 16. Nge4 Bg6 17. Nxf6+ exf6 18. f3 Re8+ 19. Kf2 Nxa6 20. Bb5 Qb7 21. Bc6 Qb4 22. Bxe8 Rxe8 23. Rae1 Rb8 24. Re2 Nf5 25. Rhe1 Nc7 26. b3 Qh4+ 27. Kg1 Ng3 28. Re7 Nf5 29. Rxc7 Nxh6 30. Rce7 Nf5 31. Re8+ Rxe8 32. Rxe8+ Kg7 33. Ne4 Nd4 34. b4 f5 35. bxc5 Nxf3+ 36. gxf3 fxe4 37. fxe4 Qg3+ 38. Qg2 Qe1+ 39. Kh2 Qh4+ 40. Qh3 Qf2+ 41. Kh1 Qxc5 42. Qf3 Qc1+ 43. Kg2 Qd2+ 44. Kh3 Qg5 45. a4 h4 46. a5 Qd2 47. a6 Qa2 48. Ra8 Qa4 49. Kxh4 Bxe4 50. Qg4+ 1-0